Oxford essential business and office dictionary. (Record no. 7907)

MARC details
000 -LEADER
fixed length control field 01028cam a22003014a 4500
001 - CONTROL NUMBER
control field 13392766
003 - CONTROL NUMBER IDENTIFIER
control field GBCCL
005 - DATE AND TIME OF LATEST TRANSACTION
control field 20241126110639.0
008 - FIXED-LENGTH DATA ELEMENTS--GENERAL INFORMATION
fixed length control field 031103s2003 enkb d 000 0 eng
010 ## -
-- 2003279754
020 ## - INTERNATIONAL STANDARD BOOK NUMBER
International Standard Book Number 0195167449
040 ## - CATALOGING SOURCE
Original cataloging agency DLC
Transcribing agency DLC
Modifying agency DLC
042 ## -
-- pcc
050 00 -
-- PE1628
-- .O869 2003
082 00 - DEWEY DECIMAL CLASSIFICATION NUMBER
Classification number 423
Edition information 22
Item number OXF
245 00 - TITLE STATEMENT
Title Oxford essential business and office dictionary.
250 ## - EDITION STATEMENT
Edition statement American ed.
260 ## - PUBLICATION, DISTRIBUTION, ETC.
Place of publication, distribution, etc. Oxford ;
-- New York :
Name of publisher, distributor, etc. Oxford University Press,
Date of publication, distribution, etc. c2003.
300 ## - PHYSICAL DESCRIPTION
Extent xviii, 1013 p. :
Other physical details maps;
Dimensions 18 cm.
650 #0 - SUBJECT ADDED ENTRY--TOPICAL TERM
Topical term or geographic name entry element English language
Form subdivision Dictionaries.
9 (RLIN) 13776
650 #0 - SUBJECT ADDED ENTRY--TOPICAL TERM
Topical term or geographic name entry element English language
General subdivision Business English
Form subdivision Dictionaries.
9 (RLIN) 13777
650 #0 - SUBJECT ADDED ENTRY--TOPICAL TERM
Topical term or geographic name entry element Office practice
Form subdivision Dictionaries.
9 (RLIN) 13778
650 #0 - SUBJECT ADDED ENTRY--TOPICAL TERM
Topical term or geographic name entry element Business
Form subdivision Dictionaries.
9 (RLIN) 13779
856 42 - ELECTRONIC LOCATION AND ACCESS
Materials specified Publisher description
Uniform Resource Identifier <a href="http://www.loc.gov/catdir/enhancements/fy0639/2003279754-d.html">http://www.loc.gov/catdir/enhancements/fy0639/2003279754-d.html</a>
906 ## - LOCAL DATA ELEMENT F, LDF (RLIN)
a 7
b cbc
c orignew
d 2
e ncip
f 20
g y-gencatlg
942 ## - ADDED ENTRY ELEMENTS (KOHA)
Source of classification or shelving scheme Dewey Decimal Classification
Koha item type Reference Books
Holdings
Withdrawn status Lost status Source of classification or shelving scheme Damaged status Not for loan Home library Current Library Shelving location Date acquired Total checkouts Full call number Barcode Date last seen Copy number Price effective from Koha item type
    Dewey Decimal Classification     GRACE BIBLE COLLEGE GRACE BIBLE COLLEGE Dictionary 2018-11-12   423 OXF 004251 2025-05-01 c.1 2018-11-12 Reference Books
© Grace Bible College Library 2025